F1 2005 Line-ups - Statistiques

Statistiques générales
  • Ce quiz a été pris 18 fois
  • Le résultat moyen est 15 sur 20
Statistiques - réponses
Team Nationality Driver % Correct
Mild Seven Renault F1 Team Spain Fernando Alonso
100%
Scuderia Ferrari Marlboro Germany Michael Schumacher
100%
Panasonic Toyota Racing Germany Ralf Schumacher
100%
Team McLaren Mercedes Finland Kimi Raïkkönen
94%
BMW Williams F1 Team Australia Mark Webber
94%
Brazil Rubens Barrichello
94%
Brazil Felipe Massa
88%
Sauber Petronas Canada Jacques Villeneuve
88%
Lucky Strike BAR Honda United Kingdom Jenson Button
88%
Colombia Juan Pablo Montoya
88%
Italy Giancarlo Fisichella
75%
Italy Jarno Trulli
69%
Japan Takuma Satō
69%
Red Bull Racing United Kingdom David Coulthard
63%
Germany Nick Heidfeld
56%
Jordan Grand Prix Portugal Tiago Monteiro
56%
Austria Christian Klien
50%
Netherlands Christijan Albers
31%
India Narain Karthikeyan
31%
Minardi F1 Team Austria Patrick Friesacher
25%
Aucun quiz correspondant
Distribution des résultats
% des personnes avec chaque résultat
Percentile par nombre de réponses
Votre historique - résultats
Vous n’avez pas pris ce quiz